| 000 | 00000nam 2200000zi 4500 |
| 001 | 9.871915 |
| 003 | CaOODSP |
| 005 | 20221107163521 |
| 006 | m o d f |
| 007 | cr |n||||||||| |
| 008 | 190423t20012001onc o f000 0 fre d |
| 020 | |z0662656733 |
| 040 | |aCaOODSP|bfre|erda|cCaOODSP |
| 043 | |an-cn--- |
| 086 | 1 |aBT22-78/2001F-PDF|zBT22-78/2001 |
| 245 | 00|aCadre de gestion intégrée du risque. |
| 264 | 1|a[Ottawa] : |bSecrétariat du Conseil du Trésor du Canada = Treasury Board of Canada Secretariat, |cAvril 2001. |
| 264 | 4|c©2001 |
| 300 | |a1 ressource en ligne (45 pages) |
| 336 | |atexte|btxt|2rdacontent/fre |
| 337 | |ainformatique|bc|2rdamedia/fre |
| 338 | |aressource en ligne|bcr|2rdacarrier/fre |
| 500 | |aPublié aussi en anglais sous le titre : Integrated risk management framework. |
| 504 | |aComprend des références bibliographiques. |
| 520 | |a« Le présent Cadre vise à faire avancer l’élaboration et la mise en oeuvre de pratiques modernes de gestion ainsi qu’à soutenir l’innovation à l’échelle de la fonction publique fédérale. Il fournit une approche complète pour mieux intégrer la gestion du risque à la prise de décision stratégique »--Introduction, page 1. |
| 692 | 07|2gccst|aGestion des risques |
| 710 | 1 |aCanada. |bConseil du trésor. |
| 775 | 08|tIntegrated risk management framework.|w(CaOODSP)9.871913 |
| 776 | 0#|tCadre de gestion intégrée du risque |w(CaOODSP)9.662712 |
| 856 | 40|qPDF|s2.01 Mo|uhttps://publications.gc.ca/collections/collection_2019/sct-tbs/BT22-78-2001-fra.pdf |